Normal view
MARC view
- public speaking-communication of technical information
Entry Topical Term
001 - CONTROL NUMBER
- control field: 1989
003 - CONTROL NUMBER IDENTIFIER
- control field: JO-AjAnu
005 - DATE AND TIME OF LATEST TRANSACTION
- control field: 20230606070629.0
008 - FIXED-LENGTH DATA ELEMENTS
- fixed length control field: 230606|| aca||aabn | a|a d
040 ## - CATALOGING SOURCE
- Original cataloging agency: JO-AjAnu
- Transcribing agency: JO-AjAnu
150 ## - HEADING--TOPICAL TERM
- Topical term or geographic name entry element: public speaking-communication of technical information
670 ## - SOURCE DATA FOUND
- Source citation: Work cat.: (JO-AjAnu)1045: Zwickel,Steven/Pfeiffer,William Sanborn, author 1988, Pocket Guide to Technical Presentaions professional Speaking